00731nam a2200229 a 4500001001000000003000900010005001700019007001000036008002700046020001800073040002200091082003100113100003600144245009100180260003900271300002100310490002200331650003500353650004500388650003900433650002900472000003277DO-SdBNP20240125092209.0000003277090707s2003 sp 000 0 spa d a849764302Xc  aBPMSUbspacBPMSU 4a362.734 bG643a 2003 222 1 a González, Ramírez, Mariano13aLa adopción :bcómo adoptarlos y cómo educarlos /cMariano González Ramírez  aBarcelona :bEdimar Libros, c2003 a185 p. ;c23 cm.0 aGuía de padres  4aEducación de hijos adoptivos 4aHijos adoptivosxAspectos psicológicos 4aEducación para la vida familiar  4aEducación en el hogar